LIBRARY & INFORMATION CENTRE, KCAET, TAVANUR

ONLINE PUBLIC ACCESS CATALOGUE (OPAC)

Workshop engineering with geosynthetics / (Record no. 6771)

MARC details
000 -LEADER
fixed length control field 00443cam a2200157ua 4500
041 ## - LANGUAGE CODE
Language code of text/sound track or separate title eng
082 ## - DEWEY DECIMAL CLASSIFICATION NUMBER
Classification number 028.7455
Item number VAR/WO
100 ## - MAIN ENTRY--AUTHOR NAME
Personal name Varma, C.V.J.
245 00 - TITLE STATEMENT
Title Workshop engineering with geosynthetics /
260 ## - PUBLICATION, DISTRIBUTION, ETC. (IMPRINT)
Place of publication New Delhi :
Name of publisher Committe for International Geosynthetics Society ,
Year of publication 1996.
300 ## - PHYSICAL DESCRIPTION
Number of Pages 266 ; .
700 1# - ADDED ENTRY--PERSONAL NAME
Personal name Venkatappa Rao, G .
942 ## - ADDED ENTRY ELEMENTS (KOHA)
Koha item type Books
Holdings
Withdrawn status Lost status Damaged status Home library Current library Date acquired Full call number Accession Number Koha item type
Withdrawn     KAUAET KAUAET 07/04/2012 028.7455 20238 Reference
free website counter